Studies on biochemical subcomponents of latex for crop improvement in Hevea (Record no. 49457)

MARC details
000 -LEADER
fixed length control field 00595nam a2200157Ia 4500
100 ## - MAIN ENTRY--AUTHOR NAME
Personal name Licy J.
245 #0 - TITLE STATEMENT
Title Studies on biochemical subcomponents of latex for crop improvement in Hevea
260 ## - PUBLICATION, DISTRIBUTION, ETC. (IMPRINT)
Name of publisher National Symposium on Current Trends in Plant Physiology and Plant Biochemistry, 29-31 January 1998, Department of Plant Science, University of Hyderabad, India, pp. 161
Year of publication 1998
650 ## - SUBJECT ADDED ENTRY--TOPICAL TERM
Topical Term Crop improvement
650 ## - SUBJECT ADDED ENTRY--TOPICAL TERM
Topical Term Latex biochemistry
700 ## - ADDED ENTRY--PERSONAL NAME
Personal name Saraswathyamma C.K.
700 ## - ADDED ENTRY--PERSONAL NAME
Personal name Sethuraj M.R.
700 ## - ADDED ENTRY--PERSONAL NAME
Personal name Thomas M.
942 ## - ADDED ENTRY ELEMENTS (KOHA)
Koha item type Bibliography STAF
Holdings
Withdrawn status Lost status Damaged status Not for loan Home library Current library Shelving location Date acquired Koha item type
      Bibliography RRII Library RRII Library Botany 09/04/2014 Bibliography STAF